000 01237nam0a22003011 4500
001 rc\4131116
005 20130415175153.7
021 _aRU
_b[52-7999]
035 _a(NLR Aleph) 008157699
090 _a7792228
_c7792228
100 _a20130415d1952 |||y0rusy50 ca
101 0 _arus
102 _aRU
105 _ay z |||||
200 1 _aПроизведения Н.В. Гоголя
_eПамятка читателю
_fПенз. обл. б-ка им. М.Ю. Лермонтова
210 _aПенза
_cБ. и.
_d1952
215 _a8 с.
_d15
225 1 _aК 100-летию со дня смерти Н.В. Гоголя
300 _aСост. указан в конце текста
606 _aРусская литература
_z19 в.
_jБиблиография
_2psbo
700 1 _aКарменян
_bГ. С.
_gГалина Степановна
_4220
702 1 _6a01
_aГоголь
_bН. В.
_f1809-1852
_gНиколай Васильевич
_3RU\NLR\AUTH\773480
_4070
_7ca
712 0 2 _aПензенская областная библиотека им. М. Ю. Лермонтова
_3RU\NLR\AUTH\8810087196
801 0 _aRU
_bNLR
_gpsbo
801 1 _aRU
_bELAR
_2rusmarc
852 _aNLR
_j641/Г-58
942 _cBOOK
980 _aNB